| 000 | 01049nam a2200373 a 4500 | ||
|---|---|---|---|
| 003 | AR-BaBNM | ||
| 005 | 20251128205925.0 | ||
| 008 | 082120s2002 ||||||||||||||000 | spa|| | ||
| 020 | _a84-320-7855-7 | ||
| 040 | _cAR-BaBNM | ||
| 100 | 1 | _aGaul, Richard | |
| 245 | 0 | 0 |
_aEl milagro japonés _blos siete secretos de un éxito económico |
| 260 |
_aBarcelona _bPlaneta _c1981 |
||
| 300 |
_a190 p. _btablas, il., láms. |
||
| 490 | 0 | _aLa sociedad económica | |
| 500 | _aIndice de materias y onomástico p. 187-190 | ||
| 650 | 4 | _aECONOMIA | |
| 650 | 4 | _aPOLITICA | |
| 650 | 4 | _aGOBIERNO | |
| 650 | 4 | _aHISTORIA ECONOMICA | |
| 650 | 4 | _aHISTORIA POLITICA | |
| 650 | 4 | _aDEMOGRAFIA | |
| 650 | 4 | _aCONDICIONES ECONOMICAS | |
| 650 | 4 | _aRELACIONES INTERNACIONALES | |
| 650 | 4 | _aCAMBIO SOCIAL | |
| 651 | 4 | _aJapón | |
| 700 | 1 | _aGrunenberg, Nina | |
| 700 | 1 | _aJungblut, Michael | |
| 700 | 1 |
_aBecker, Helmut _ecolaborador |
|
| 800 | 1 |
_aEstapé, Fabián _edirector |
|
| 800 | 1 |
_aPardo, José _edirector |
|
| 942 | _cBK | ||
| 998 | _cMariana | ||
| 999 |
_c13329 _d13329 |
||